| 000 | 01009nam a2200325 4500 | ||
|---|---|---|---|
| 001 | 4554216 | ||
| 003 | OSt | ||
| 005 | 20230704084849.0 | ||
| 008 | 721130s1972 enk 001 0 eng | ||
| 010 | _a 72169872 | ||
| 015 | _aB*** | ||
| 020 |
_a0406647623 _a0406647631 (pbk) |
||
| 040 |
_aDLC _cDLC _dDLC |
||
| 043 | _ae-uk--- | ||
| 050 | 0 | 0 |
_aKD1715 _b.R4 1972 |
| 082 | 0 | 0 |
_a344.2 _bREE |
| 100 | 1 | _aReeday, T. G. | |
| 245 | 1 | 4 |
_aThe law relating to banking, _cby T. G. Reeday. |
| 250 | _a5th ed. | ||
| 260 |
_aLondon, _bButterworths, _c1985 |
||
| 300 |
_axxxiv, 453 p. _c22 cm. |
||
| 350 | _a£4.40 | ||
| 500 | _a"Bills of exchange act 1882": p. 305-392, 412-421. | ||
| 500 | _a"Cheques act 1957": p. 393-411. | ||
| 650 | 0 |
_aBanking law _zGreat Britain. |
|
| 710 | 1 | 2 |
_aGreat Britain. _kLaws, statutes, etc. _tBills of exchange act 1882. 1972. |
| 710 | 1 | 2 |
_aGreat Britain. _kLaws, statutes, etc. _tCheques act 1957. 1972. |
| 906 |
_a7 _bcbc _corignew _d2 _encip _f19 _gy-gencatlg |
||
| 942 |
_2ddc _cBK |
||
| 999 |
_c3573 _d3573 |
||